God of Highschool Characters - Statistics

General Stats
  • This quiz has been taken 21 times
  • The average score is 15 of 73
Answer Stats
Charyeok Character % Correct
Nirvana Jin Mori
100%
Goibniu Judge D
83%
Marionette Judge P
83%
Phoenix Judge B
78%
Golgoroth Judge E
72%
Ono no Michikaze Judge F
72%
Joker Judge Q
72%
Paladin Siegfried Judge S
72%
Sapsal Dog Judge T
72%
Haetae Han Daewi
67%
Hattori Hanzo Judge C
67%
Ariadne Judge G
67%
Void Judge K
67%
Dragon Slayer Judge O
67%
Avarice Judge R
67%
Behemoth Judge Y
67%
Longinus Park Mujin
67%
Undine Judge U
61%
Lu Bu Fengxian Yu Mira
61%
Nine Tails Guardian Park Ilpyo
44%
Megalodon Jegal Taek
28%
Miracle Jin Taejin
22%
Pandora Lee Sujin
17%
Oxen King Baek Seungcheol
11%
Alexander the Great Alexandros
6%
Thor Anna
6%
Lot Dan Ahan
6%
Jack the Ripper Gwum Gi
6%
Charon Judge V
6%
Asura Romario
6%
God's Blades Sang Mandeok
6%
Winged Hussar Aldon Ski
0%
Jeanne D' Arc Andre Oscar
0%
Shield of Discrimination Axley Ivanovic
0%
Erysichthon Bang Jongjin
0%
King of Babel Ban Sihyeon
0%
Icarus Dae Baegho
0%
Verdandi Dean Ockham
0%
Thanatos Drake McDonald
0%
Garuda Fanimer
0%
Doppelganger Fei Long
0%
Bastard Jang Jangmi
0%
Great Magician Jeon Jaesan
0%
Magician Jeon Jugok
0%
Hammer Jin Pumgwang
0%
Baboon Ji Seokjin
0%
Uriel Johan
0%
Philip II Jose Alexandors
0%
Lion Ju Seokho
0%
Frost Hand Justin
0%
Necromancer Jwa Woo
0%
Gorgon Kadri
0%
Trinity Kim Ungnyeo
0%
Yamata no Orochi Kusanagi Kyoichi
0%
Kraken Lee Marin
0%
Virtues Dunamis Maria
0%
Eye of Horus Muhammed
0%
Umdiji Mujahedin
0%
Siren Myeong Moondae
0%
Kamaitachi Nagisa Midori
0%
Aegis Shield Na Hanseong
0%
Jupiter Natasha
0%
Choi Baedal Oyama Sugihara
0%
Narcissus Peach
0%
Hercules Samuel Rosinante
0%
Sadie Saturn
0%
Thunder Dragon Sunny
0%
Griffin Violeta
0%
The Master of the Sky With Hawk
0%
Kabbalah Xiaochen
0%
Bruce Lee Xiaolin
0%
Lightning God Yuri Garganov
0%
Pazuzu Zamila
0%
No matching quizzes found
Score Distribution
Percent of People with Each Score
Percentile by Number Answered
Your Score History
You have not taken this quiz